MARC

LEADER 00000nam0a2200000 4500
001 27479
005 20231101205810.0
010 |a 5777701159 
035 |a (RuTPU)RU\TPU\book\27730 
035 |a BOOK00027805 
090 |a 27479 
100 |a 20011209d2001 k y0rusy50 ca 
101 1 |a rus 
102 |a RU 
105 |a y z 011zy 
200 1 |a Создавая социальную демократию  |e Сто лет социал-демократической рабочей партии Швеции  |f Под ред. К. Мисгельда, К. Мулина, К. Омарка 
210 |a Москва  |c Весь Мир  |d 2001 
215 |a 592 с. 
225 1 |a Тема 
320 |a Библиогр.: с. 551-582. 
320 |a Имен. указ: с. 587-591. 
606 1 |a Политические партии  |x Отдельные страны  |2 stltpush  |3 (RuTPU)RU\TPU\subj\50479  |9 69153 
610 1 |a политика 
610 1 |a политические партии 
610 1 |a Европа 
610 1 |a Швеция 
610 1 |a Социал-демократическая рабочая партия 
610 1 |a социал-демократы 
610 1 |a история 
610 1 |a идеология 
686 |a Ф69(4Ш)  |v LBC/SL-A  |2 rubbk 
702 1 |a Мисгельд  |b К.  |g Клаус  |4 340 
702 1 |a Мулин  |b К.  |g Карл  |4 340 
702 1 |a Омарк  |b К.  |g Клас  |4 340 
801 0 |a RU  |b 63413507  |c 20011209  |g PSBO 
801 2 |a RU  |b 63413507  |c 20140829  |g PSBO 
942 |c BK